000 01559nam a22003857a 4500
003 AR-FvUNAJ
005 20231025154512.0
008 231025b ||||| |||| 00| 0 spa d
020 _a950-05-1253-X
040 _cAR-FvUNAJ
082 1 4 _214
_a330.950
100 1 _918993
_aSukup, Viktor
245 1 0 _aAsia frente al siglo XXI :
_b¿de los "milagros" a las "debacles"? /
_cViktor Sukup.
250 _a1a ed.
260 _aBuenos Aires :
_bCorregidor,
_c2000.
300 _a329 p.
504 _aIncluye referencias bibliográficas (p. 307-327)
505 2 _t1. Asia - Geografía, historia y economía en su desarrollo reciente.
505 2 _t2. El Japón - ¿Caso único inimitable o ejemplo a seguir?
505 2 _t3. Los "tigres asiáticos" - Logros y fallas de un "modelo" ecléctico.
505 2 _t4. China - ¿El "super-tigre" de siglo XXI?
505 2 _t5. India - Balance complejo de medio siglo de independencia.
505 2 _t6. El grupo ASEAN - ¿"Nuevos tigres" o estrellas fugaces?
505 2 _t7. Indonesia - Un gigante regional en problemas.
505 2 _t8. Relaciones con América Latina, flujos de capital y lecciones mutuas.
505 2 _t9. La crisis de fines de siglo - ¿Sólo financiera o también estructural?
505 2 _tConclusiones y perspectivas: Asia y el mundo de hoy y de mañana.
650 2 7 _99198
_aDESARROLLO ECONOMICO
650 0 _918116
_aECONOMÍA INTERNACIONAL
651 7 _94523
_aASIA
651 7 _98966
_aJAPON
651 7 _92369
_aCHINA
651 7 _94098
_aINDIA
942 _2ddc
_cLIBRO
999 _c9896
_d9896
980 _621574
_a Carrizo
_821574
_g Carrizo